Statistics for 政令市の区人口ランキング

Click here to take the quiz!

General Stats

  • This quiz has been taken 31 times
  • The average score is 53 of 171

Answer Stats

人口% Correct
浜松市中央区608145
93%
横浜市港北区354558
86%
福岡市東区321864
82%
岡山市北区295309
75%
仙台市青葉区295255
68%
札幌市北区285671
64%
相模原市南区278756
64%
相模原市中央区272439
61%
福岡市南区266714
57%
札幌市東区261288
57%
静岡市葵区247808
57%
横浜市青葉区309573
54%
京都市伏見区268716
54%
北九州市八幡西区248686
54%
福岡市博多区238810
50%
川崎市中原区261075
50%
広島市安佐南区244053
50%
福岡市早良区221649
50%
静岡市清水区228221
50%
静岡市駿河区207710
46%
福岡市西区208583
46%
浜松市天竜区25681
46%
札幌市中央区244032
46%
横浜市鶴見区293430
43%
北九州市小倉南区207516
43%
横浜市戸塚区282160
43%
相模原市緑区167923
43%
岡山市南区166866
43%
神戸市西区236258
43%
浜松市浜名区155996
39%
堺市北区158176
39%
北九州市八幡東区63784
39%
仙台市泉区210396
39%
京都市右京区192282
39%
神戸市東灘区212005
39%
神戸市垂水区214978
39%
福岡市中央区197535
39%
川崎市多摩区215269
39%
札幌市豊平区225221
39%
川崎市川崎区232123
39%
仙台市太白区234493
39%
北九州市戸畑区55857
39%
北九州市若松区80590
36%
堺市美原区37548
36%
熊本市東区191299
36%
北九州市小倉北区179217
36%
さいたま市浦和区168522
36%
岡山市中区147194
36%
京都市左京区152205
36%
神戸市北区212127
36%
札幌市白石区213006
36%
札幌市西区218455
36%
堺市南区136432
36%
川崎市宮前区234495
36%
北九州市門司区93746
32%
堺市堺区146786
32%
岡山市東区92651
32%
京都市西京区145509
32%
堺市東区86127
32%
熊本市北区140942
32%
京都市山科区127792
32%
横浜市神奈川区242940
32%
川崎市幸区172312
32%
熊本市南区133161
32%
川崎市高津区230205
32%
新潟市西蒲区54234
32%
横浜市旭区243849
32%
横浜市都筑区214930
32%
横浜市港南区214052
32%
千葉市中央区211942
32%
横浜市南区198745
29%
堺市西区136136
29%
神戸市中央区139208
29%
京都市東山区33336
29%
広島市佐伯区140898
29%
さいたま市岩槻区112253
29%
名古屋市緑区249657
29%
横浜市保土ケ谷区203266
29%
神戸市灘区132572
29%
横浜市金沢区194944
29%
新潟市南区43150
29%
京都市上京区75584
29%
さいたま市南区193471
29%
熊本市中央区176120
29%
仙台市宮城野区189431
29%
川崎市麻生区178547
29%
千葉市稲毛区157905
29%
神戸市須磨区158105
29%
広島市西区186779
29%
熊本市西区89954
29%
京都市下京区76535
29%
横浜市緑区181749
29%
さいたま市緑区132308
25%
福岡市城南区126243
25%
広島市安芸区77232
25%
広島市東区118603
25%
さいたま市大宮区124002
25%
堺市中区120223
25%
神戸市長田区96019
25%
京都市北区108282
25%
京都市中京区104980
25%
新潟市北区71869
25%
さいたま市桜区96304
25%
横浜市西区104408
25%
広島市安佐北区139552
25%
大阪市淀川区181197
25%
横浜市中区152949
25%
千葉市花見川区176669
25%
新潟市中央区173153
25%
名古屋市中川区216956
25%
札幌市手稲区141260
25%
さいたま市見沼区165005
25%
千葉市美浜区152719
25%
広島市南区141179
25%
仙台市若林区137911
25%
新潟市西区155001
25%
大阪市東淀川区171158
25%
広島市中区136435
25%
さいたま市西区94583
21%
札幌市南区134537
21%
さいたま市中央区103059
21%
横浜市泉区152035
21%
新潟市秋葉区75210
21%
大阪市住吉区151500
21%
大阪市大正区62503
21%
大阪市城東区169828
21%
さいたま市北区149826
21%
千葉市若葉区147717
21%
神戸市兵庫区109645
21%
横浜市瀬谷区122164
21%
新潟市東区133060
21%
千葉市緑区130064
21%
大阪市北区136637
21%
札幌市清田区111375
21%
札幌市厚別区124667
21%
横浜市磯子区166575
21%
横浜市栄区121318
21%
大阪市平野区190366
21%
京都市南区99969
18%
大阪市住之江区117991
18%
大阪市中央区112405
18%
大阪市鶴見区112177
18%
大阪市阿倍野区111488
18%
名古屋市天白区157559
18%
大阪市此花区65269
18%
新潟市江南区68237
18%
大阪市東住吉区131440
18%
大阪市浪速区73794
18%
名古屋市中村区134970
18%
大阪市生野区125938
18%
名古屋市熱田区65265
14%
名古屋市守山区176879
14%
大阪市西淀川区97337
14%
大阪市福島区79199
14%
大阪市旭区89393
14%
大阪市西区105944
14%
大阪市都島区105343
14%
大阪市西成区104875
14%
大阪市港区79247
14%
名古屋市中区92840
14%
名古屋市名東区160293
14%
大阪市東成区84985
14%
名古屋市東区82598
14%
大阪市天王寺区81573
14%
名古屋市千種区159535
11%
名古屋市北区161871
11%
名古屋市昭和区105980
11%
名古屋市瑞穂区107509
11%
名古屋市西区147096
11%
名古屋市港区142485
11%
名古屋市南区133361
11%

Score Distribution

Percentile by Number Answered

Percent of People with Each Score

Your Score History

You have not taken this quiz